000 01523cab a2200385 4500
001 ABS51578
008 090401t1994 xxu||||| |||| 00| 0 eng d
035 _a(Sirsi) u33922
041 _aeng
100 _aWilliams, D.W.
245 _aTenant`s covenants to renew
260 _c1994
350 _a0
490 _aEstates Gazette
_v(9440) 8 October 1994, 127-30(4)
520 _aCompares, in the light of caselaw, the alternative methods of renewing a lease by exercising its covenant terms or acting in accordance with the procedures of the Landlord and Tenant Act 1954, part II. Refers to cases which have examined tenants` compliance with lease conditions as a test of whether or not they may exercise the option to renew.
650 _aA AND J MUCKLOW (BIRMINGHAM) LTD V METRO-CAMMELL WEYMANN
650 _aBASSETT V WHITELEY
650 _aBASTIN V BIDWELL
650 _aCOVENANT TO RENEW
650 _aFINCH V UNDERWOOD
650 _aKITNEY V GREATER LONDON PROPERTIES LTD
650 _aLEASE RENEWAL
650 _aLEASES
650 _aLITTLE V COURAGE LTD
650 _aMULTON V CORDELL
650 _aOPTION TO RENEW
650 _aSIMONS V ASSOCIATED FURNISHERS
650 _aSPIRO V GLENCROWN PROPERTIES
650 _aTRANE (UK) LTD V PROVIDENT MUTUAL LIFE ASSURANCE ASSOC
650 _aWEST COUNTRY CLEANERS (FALMOUTH) LTD V SALY
650 _aWEST MIDDLESEX GOLF CLUB LTD V EALING LBC
690 _aLANDLORD AND TENANT-BUSINESS TENANCIES
942 _n0
948 _c04/03/1997
999 _c22549
_d22549